Statistiques concernant Album rap et feat

Cliquez ici pour prendre le quiz!

Statistiques générales

  • Ce quiz a été pris 63 fois
  • Le résultat moyen est 10 sur 25

Statistiques - réponses

AlbumArtisteAnnéeNombre de featréponses% Correct
DestinNinho20197Koba la d / Niska / Dadju / Jul / Fally ipupa / Tito / Faouzia
85%
La fête est finieOrelsan20175Gims / Nekfeu / Dizzee rascal / Stromae / Ibeyi
83%
EnnaPLK20204Niska / Heuss l’enfoiré / rim’k / hamza
81%
L’étrange histoire de Mr.AndersonLaylow20217Damso / Hamza / Alpha wann / Wit / Nekfeu / Foushee / slowthai
74%
La sans pitaxBrulux20216Sadek / Jul / Heuss l’enfoiré / Mister you / Lacrim / ZKR
72%
Gros bébéNaza20205Niska / Heuss l’enfoiré / SCH / RK / Keblack
66%
Étoile noireLuv Resval20216Kore / Alkpote / Savage toddy / Josman / Lujipeka / Chily
64%
Or noirKaaris20131Booba
62%
A7SCH20153Lacrim / Sadek / Lapso
60%
Double VMister V20175Samy ceezy / Juice / Hayce lemsi / Volts face / Tortoz
53%
HLM2Mister you202112L’Allemand / Rohff / Hayce lemsi / Naestro / DA Uzi / Jul / Bimbim / Kanoé / 3robi / S.Pri noir / Sadek / Morad
40%
L’homme au bobGradur20156Alonzo / Niro / Chief Keef / Lacrim / Migos / Kayna Samet
38%
Ghettographie IIKamelancien200924Muels / Alkpote / Mohamed Lamine / Aketo / Radical Mc / Croma / Busta flex / Sarrazin / Koma daddy / Moha le vagabond / Seven / Seth gueko / Dany boss / Rohff / China / Dimé / Bram’s / Médine / Lartiste / Chef Moha / L’Skadrille / Shone tarzan / Zaho / Shyneze
36%
Drive by en caravaneSeth gueko200812Rim’k / Hamza / 25G / Alkpote / Ous-d-ous / Zessau / Aka / Farage / Nourou / Kamelancien / Despo rutti / Sidi omar
32%
T’as vuFatal Bazooka20073Vitoo / Christelle / Yelle
25%
Bandit saletéSofiane20175Hornet la frappe / GLK / YL / Bakyl / Samat
23%
Ouest sideBooba20067Malekal morte / Mac tyer / Kennedy / Trade union / Mister rudie / Akon / Intouchable
23%
Ce que l’on vitElams20186Sofiane / Marwa Loud / Keblack / Naps / RK / Alrima
23%
MajestéLomepal20152Alpha wann / Caballero
17%
SovietskiyTovaritch20214LX / Kalash criminel / Malik montana / Andery Toronto
17%
Mes repèresLa fouine20093Soprano / Canardo / Sefyu
13%
Vox cordisD.ACE20203S.Pri noir / Moussou / Davodka
9%
À chaque frèreYoussoupha20074Diam’s / Mike genie / Ice crimi / Kool shen
8%
En attendant l’albumSinik20043Zoxea / Pit baccardi / Dosseh
6%
LucideDisiz201221995 / Grems
4%

Distribution des résultats

Percentile par nombre de réponses

% des personnes avec chaque résultat

Votre développement - résultats

Vous n’avez pas pris ce quiz